Η αμερικανική αεροπορική ισχύς ως παράγοντας κυριαρχίας, εξαναγκαστικής διπλωματίας και εξωτερικών επεμβάσεων σε κρίσεις : ιδεολογική νομιμοποίηση του διεθνούς παρεμβατισμού

Saved in:
Bibliographic Details
Main Author: Σταθόπουλος, Ηλίας
Corporate Author: Πανεπιστήμιο Αιγαίου Σχολή Κοινωνικών Επιστημών Τμήμα Κοινωνιολογίας
Format: Thesis Book
Language:Greek
Published: 2007.
Subjects:
Online Access:http://hdl.handle.net/11610/7859
Tags: Add Tag
No Tags, Be the first to tag this record!

MARC

LEADER 00000cam a2200000 i 4500
001 1/879
008 090818s2007 gr | ||| |||| ||gre||
035 |l 10105394 
040 |a GR-MyUa  |b gre  |e AACR2 
041 0 |a gre 
082 7 |a 327.73   |2 (22) 
100 1 |a Σταθόπουλος, Ηλίας. 
245 1 2 |a Η αμερικανική αεροπορική ισχύς ως παράγοντας κυριαρχίας, εξαναγκαστικής διπλωματίας και εξωτερικών επεμβάσεων σε κρίσεις :   |b ιδεολογική νομιμοποίηση του διεθνούς παρεμβατισμού /   |c επιμέλεια διπλωματικής εργασίας: Σταθόπουλος Ηλίας ; υπεύθυνος καθηγητής: Γρηγορίου Παναγιώτης. 
260 |c 2007. 
300 |a [χ.α.];  |c 30 εκ. 
502 |a Πτυχιακή εργασία – Πανεπιστήμιο Αιγαίου, Λέσβος, 2007. 
650 0 0 |a Dissertations, Academic  |z Greece. 
651 0 |a United States  |x Foreign relations. 
651 0 |a United States  |x Politics and government. 
651 0 |a United States  |x Military policy. 
651 0 |a United States  |x Armed Forces. 
700 1 |a Γρηγορίου, Παναγιώτης Γ.  |e dgs 
710 2 |a Πανεπιστήμιο Αιγαίου  |b Σχολή Κοινωνικών Επιστημών  |b Τμήμα Κοινωνιολογίας. 
852 |a INST  |b LESVOS  |c DIATR  |e 20090818  |h 321  |p 005100045717  |q 005100045717  |t DIE  |y 23 
852 |a INST  |b LESVOS  |c DIATR  |e 20090818  |h 322  |p 005100045718  |q 005100045718  |t DIE  |y 23 
856 |u http://hdl.handle.net/11610/7859 
901 |a BIBL1-2009-2 
924 |a Σταθόπουλος   |b Ηλίας  |y Λέσβος  |z 2008-05 
970 |a ΤΖΑΦΕΡΗ  |b ΕΥΑΓΓΕΛΙΑ  |z 2009/08/18